Wildlife ecology and management
Gorde:
| Egile nagusia: | |
|---|---|
| Formatua: | Liburua |
| Hizkuntza: | Undetermined |
| Argitaratua: |
Englewood Cliffs, New Jersey
Prentice-Hall
1995
|
| Gaiak: | |
| Etiketak: |
Etiketa erantsi
Etiketarik gabe, Izan zaitez lehena erregistro honi etiketa jartzen!
|
| Thư viện lưu trữ: | Trung tâm Học liệu Trường Đại học Cần Thơ |
|---|
| LEADER | 00522nam a2200181Ia 4500 | ||
|---|---|---|---|
| 001 | CTU_43168 | ||
| 008 | 210402s9999 xx 000 0 und d | ||
| 082 | |a 639.9 | ||
| 082 | |b B688 | ||
| 100 | |a Eric G Bolen | ||
| 245 | 0 | |a Wildlife ecology and management | |
| 245 | 0 | |c Eric G Bolen, William L Robinson | |
| 260 | |a Englewood Cliffs, New Jersey | ||
| 260 | |b Prentice-Hall | ||
| 260 | |c 1995 | ||
| 650 | |a ecology,wildlife management | ||
| 904 | |i Minh, 010830 | ||
| 980 | |a Trung tâm Học liệu Trường Đại học Cần Thơ | ||